| 000 | 00618nam a2200217 a 4500 | ||
|---|---|---|---|
| 001 | BRCA_6229 | ||
| 005 | 20190320205358.0 | ||
| 008 | 190711s1921----gw-#######---#000-0#ger-# | ||
| 041 | _ager | ||
| 044 | _agw | ||
| 050 | 4 |
_aQC7 _b.P45 1921 |
|
| 245 | 1 | 0 |
_aDas Einsteinschen Relativitätsprinzip _bgemeinverständlich dargestellt _cvon A. Pflüeger |
| 260 |
_aBonn, Alemania _bFriedrich Cohen _c1921 |
||
| 300 |
_a32 p. _c23 cm. |
||
| 500 | _aK89 | ||
| 600 | 1 | 4 |
_aEinstein, Albert _d1879-1955 _914803 |
| 650 | 1 | 4 |
_aRelatividad (Física) _915648 |
| 650 | 1 | 4 |
_aCuántica, teoría _915649 |
| 902 | _aGFM | ||
| 942 |
_2lcc _cB |
||
| 999 |
_c5916 _d5916 |
||